| 000 | 00797nam a22002055i 4500 | ||
|---|---|---|---|
| 001 | 163074 | ||
| 003 | ES-MaACL | ||
| 005 | 20230906212650.0 | ||
| 008 | 981209s1794 sp a |||| | spa d | ||
| 040 |
_aAN _bspa _cCCPB |
||
| 110 | 2 |
_aReal Maestranza de Caballería de Sevilla. _9134793 |
|
| 245 | 1 | 0 | _aOrdenanzas de la real Maestranza de Caballería de la ciudad de Sevilla. |
| 260 |
_aMadrid : _ben la Imprenta Real, _c1794. |
||
| 300 |
_a[6], 183 p., [1] h. de grab. ; _c4º. |
||
| 597 | _aSign. : []4, *2, A-Z4. | ||
| 599 | _aLa h. de grab. calc. "Paret del. Moreno Texada sculpsit A.1794", alegorica. | ||
| 700 | 1 |
_aMoreno Tejada, Juan. _9130174 |
|
| 700 | 1 |
_aParet y Alcazar, Luis. _9130852 |
|
| 852 |
_aES-MaACL _jR-1355 _z-- Enc. pasta _q-- Falto de la h. de grab. _xOlim: G-13636 |
||
| 999 |
_c163074 _d163074 |
||